|
|
|
|
| LEADER |
00000nam0a2200000 4500 |
| 001 |
184128 |
| 005 |
20231101223825.0 |
| 010 |
|
|
|a 9785982277336
|
| 035 |
|
|
|a (RuTPU)RU\TPU\book\199610
|
| 090 |
|
|
|a 184128
|
| 100 |
|
|
|a 20100827d2010 m y0rusy50 ca
|
| 101 |
0 |
|
|a rus
|
| 102 |
|
|
|a RU
|
| 105 |
|
|
|a a j 001zy
|
| 200 |
1 |
|
|a Наука о Земле: геоэкология
|e учебное пособие
|f под ред. А. В. Смурова; Ф. И. Василевича; М. И. Непоклоновой; В. М. Макеевой
|
| 205 |
|
|
|a 2-е изд., перераб. и доп.
|
| 210 |
|
|
|a Москва
|c КДУ
|d 2010
|
| 215 |
|
|
|a 564 с.
|c ил.
|
| 320 |
|
|
|a Библиография в конце глав.
|
| 330 |
|
|
|a В учебно-методическом пособии на основе системного подхода формируется представление о Земле как системе взаимосвязанных геосфер в процессе их интеграции с обществом. Работа отражает равноценное рассмотрение всех геосфер Земли: литосферы, атмосферы, гидросферы, биосферы, педосферы. Человек рассматривается как вид, объект эволюции и как компонент экосистем, способный не только создавать, но и прогнозировать, предотвращать и ликвидировать кризисные ситуации.Пособие предназначено для студентов и преподавателей геологических университетов, сельскохозяйственных и педагогических вузов, может быть использовано представителями других специальностей данного направления и специалистами, работающими в области защиты населения и территорий от чрезвычайных ситуаций природного характера, так же будет полезно и широкому кругу людей, интересующихся вопросами экологии.
|
| 606 |
1 |
|
|a Геоэкология
|2 stltpush
|3 (RuTPU)RU\TPU\subj\6313
|9 34236
|
| 610 |
1 |
|
|a космосфера
|
| 610 |
1 |
|
|a атмосфера
|
| 610 |
1 |
|
|a литосфера
|
| 610 |
1 |
|
|a гидросфера
|
| 610 |
1 |
|
|a педосфера
|
| 610 |
1 |
|
|a биосфера
|
| 610 |
1 |
|
|a экосистемы
|
| 610 |
1 |
|
|a экологический мониторинг
|
| 610 |
1 |
|
|a диагностика
|
| 610 |
1 |
|
|a человек
|
| 610 |
1 |
|
|a учебные пособия
|
| 610 |
1 |
|
|a чрезвычайные ситуации
|
| 610 |
1 |
|
|a экология
|
| 610 |
1 |
|
|a природопользование
|
| 675 |
|
|
|a 55:502.4(075.8)
|v 3
|
| 702 |
|
1 |
|a Смуров
|b А. В.
|4 340
|
| 702 |
|
1 |
|a Василевич
|b Ф. И.
|4 340
|
| 702 |
|
1 |
|a Непоклонова
|b М. И.
|4 340
|
| 702 |
|
1 |
|a Макеева
|b В. М.
|4 340
|
| 801 |
|
1 |
|a RU
|b 63413507
|c 20100827
|
| 801 |
|
2 |
|a RU
|b 63413507
|c 20150522
|g RCR
|
| 942 |
|
|
|c BK
|
| 959 |
|
|
|a 53/20100827
|d 5
|e 435,60
|f АНЛ:1
|f ЧЗТЛ:1
|f УФ:3
|